000 00995nam a22003137a 4500
001 00260
003 DO-SdBNP
005 20180130111456.0
008 151209b 1986 sp 00| 0 spa d
020 _a8420617458
040 _aBPMSU
_bspa
_cBPMSU
092 _axxxxx
_bxxxxx
100 1 _a Bécquer, Gustavo Adolfo,
_d1836-1870.
245 1 0 _aLeyendas /
_cGustavo Adolfo Bécquer ; introducción de Jorge Campos.
250 _a4a. reimpr.
260 _aMadrid :
_b Alianza Editorial
_c1979.
_g1986.
300 _a314 p. ;
_c18 cm.
490 1 _aEl Libro de bolsillo
_v745
490 1 _aClásicos
500 _aIncluye datos biográficos del autor en la solapa de la contracubierta
500 _aIncluye referencias bibliográficas y notas al pie de las páginas.
700 1 2 _aCampos, Jorge,
_eint.
830 0 _aEl Libro de bolsillo
_n745
830 0 _aClásicos
910 _a00260
942 _2ddc
_cBK
945 _aInventariado, 2018/ YL
956 _aLorenza Pérez
_b10
_cBPMSU
999 _c9078
_d9078